Serbochorvatsko-russkij politechničeskij slovar

Saved in:
Bibliographic Details
Format: Book
Language:Multiple languages
Published: Moskva : Sovetskaja enciklopedija, 1967
Subjects:
Tags: Add Tag
No Tags, Be the first to tag this record!

MARC

LEADER 00000nam a22000003a 4500
001 stu41832
005 20141122042221.9
008 940124s1967----xxr-----------------mul-d
040 |a STU  |b slo 
041 0 |a mul 
044 |a xxr 
080 |a 801.316.4=86=82 
080 |a 62 
245 |a Serbochorvatsko-russkij politechničeskij slovar 
260 |a Moskva :  |b Sovetskaja enciklopedija,  |c 1967 
300 |a 574 s 
650 7 |a Slovníky technické srbochorvátsko ruské  |2 stusub 
650 7 |a technika  |2 stusub 
650 7 |a slovníky srbochorvártsko ruské  |2 stusub 
996 |b 284M003674  |c M*4082-1  |l MMKN  |s A  |a 24  |w stu41832_0001